| 000 | 00491 a2200181 4500 | ||
|---|---|---|---|
| 003 | OSt | ||
| 005 | 20231204120353.0 | ||
| 008 | 231204b |||||||| |||| 00| 0 eng d | ||
| 020 | _a8184230788 | ||
| 040 | _coclc | ||
| 082 |
_a894.8128 _bOSH/P |
||
| 100 |
_aRajneesh, Osho _95903 |
||
| 245 |
_aPurushan= The man / _cOsho |
||
| 250 | _a5th ed. | ||
| 260 |
_aThrissur: _bGreen Books, _c2018. |
||
| 300 | _a216p. | ||
| 942 |
_2ddc _cBK _h894.8128 _iOSH/P _k894.8128 _mOSH/P |
||
| 999 |
_c43956 _d43956 |
||